00414 2200157 4500001002100000005001500021035002000036245009000056100003500146250000600181300001200187260002300199082000800222084001400230990001200244INLIS00000000000252520250604115802 a0010-06250001111 a70 Peraih Nobel Kedokteran/Psikologi BK. Pintar /cEdy Soestrisno, Dr. Morton Grosser0 aEdy Soestrisno, Morton Grosser a1 a141 hlm aJakarta :bInovasi a600 a600 EDY t a0712317